El taller musical
Guardat en:
| Autor principal: | |
|---|---|
| Format: | Llibre |
| Idioma: | espanyol |
| Publicat: |
Buenos Aires
EUDEBA
1961
|
| Col·lecció: | Temas de EUDEBA - Música
|
| Matèries: | |
| Etiquetes: |
Afegir etiqueta
Sense etiquetes, Sigues el primer a etiquetar aquest registre!
|
MARC
| LEADER | 00000nam a2200000 a 4500 | ||
|---|---|---|---|
| 001 | UCN3026 | ||
| 003 | CL-VaPUC | ||
| 008 | 010615e19610000AG |||||||||||||||||spa|d | ||
| 082 | 0 | 4 | |a 781.17 |b DOR |2 21 |
| 100 | 0 | |a Dorian, Frederick |e author |9 459423 | |
| 245 | 1 | 3 | |a El taller musical |
| 300 | |a 391 p | ||
| 942 | |c BK | ||
| 945 | |d 20010615 00:00:00 |a crobeson | ||
| 260 | |a Buenos Aires |b EUDEBA |c 1961 | ||
| 650 | 0 | |a Creación artística musical |9 306472 | |
| 650 | 0 | |a Música estudio e instrucción |9 306355 | |
| 650 | 7 | |a COMPOSICION |2 CL-VaPUC |9 262958 | |
| 583 | |a last modification |c 20010615 00:00:00 |k Rodrigo Vera | ||
| 490 | 0 | |a Temas de EUDEBA - Música | |
| 999 | |c 296041 |d 296039 | ||
| 952 | |0 0 |1 0 |4 0 |6 781_170000000000000_DOR_1961 |7 0 |8 A |9 349525 |a BIBEDU |b BIBEDU |d 2019-11-20 |i 1187503 |o 781.17 DOR 1961 |p 1187503 |r 2023-01-12 |w 2019-11-20 |y BK |k MUS | ||
| 952 | |0 0 |1 0 |4 0 |6 781_170000000000000_DOR_1961 |7 0 |8 A |9 349526 |a BIBEDU |b BIBEDU |d 2019-11-20 |i 1187511 |o 781.17 DOR 1961 |p 1187511 |r 2023-01-12 |w 2019-11-20 |y BK |k MUS | ||